000 01344nam0a2200301 4500
001 RU\NLR\b_ik\110610
005 20250616225323.0
035 _a(NLR Aleph) 002184331
090 _a2825771
_c2825771
100 _a20040413d2003 |||y0rusy50 ca
101 0 _aeng
_drus
102 _aRU
105 _aa |||||||||
200 1 _aSimulation of antiproton-nucleus interactions in the framework of the UrQMD model
_fA.S. Galoyan, A. Polanski
210 _aДубна
_cОбъед. ин-т ядер. исслед.
_d2003
215 _a18 с.
_cграф.
_d22
225 1 _aСообщения Объединенного института ядерных исследований, Дубна
_vЕ1-2003-125
300 _aНа 3-й с. обл.: Моделирование антипротон-ядерных взаимодействий в рамках модели UrQMD / Галоян А.С., Полянский А.
300 _aРез. на рус. яз
320 _aБиблиогр.: с. 17-18
606 0 _aАнтипротоны
_xВзаимодействие с атомными ядрами
_xМоделирование
_92332540
_3RU\NLR\AUTH\661394747
686 4 _aВ383.53
700 1 _aGalojan
_bA. S.
_gA.S.
_4070
701 1 _aPolanski
_bA.
_gA.
_4070
801 0 _aRU
_bNLR
_c20040413
_gPSBO
942 _cBOOK
980 _aNB